000 00875nam a22002297a 4500
001 EIF-VI-2006-M6-004
003 OSt
005 20230103102733.0
008 230103b |||||||| |||| 00| 0 eng d
040 _aFundación Jesús Pereda
_cFundación Jesús Pereda
041 _aCastellano
100 _aBarruso Barés, Pedro
_9302
111 _aEncuentro de Investigadores del Franquismo
_c(Zaragoza.
_d2006.
_n6º)
_998
245 _aLa depuración de la enseñanza secundaria en Guipúzcoa
_c/Pedro Barruso Barés
650 0 _9277
_aDepuración laboral
650 0 _9188
_aEducación
650 0 _aRepresión
_9145
651 0 _9118
_aPaís Vasco
_zGuipúzcoa
773 _tActas del VI Encuentro de Investigadores del Franquismo
_g855-866 p.
856 _uhttps://bibliotecaccoocyl.fundacionjesuspereda.es/cgi-bin/koha/opac-retrieve-file.pl?id=2215d66cf4fda14249847b0fd8a797ad
942 _2ddc
_cCF
_n0
999 _c693
_d693